000 01620nam a2200289 i 4500
003 EG-GICUC
005 20260121101326.0
008 251120s1958 ua ||||fr|||| 00| 0 ara d
040 _a EG-GICUC
_bara
_c EG-GICUC
_d EG-GICUC
_erda
041 0 _aara
082 0 4 _a343.4
_bم ح . م
_221
092 0 4 _221
099 _aLaw1 10 343.4 م ح . م 1 ed - 1958 1006135
100 0 _aمحمد إبراهيم خليل.
_eمؤلف.
245 1 2 _aالمدونة الجنائية.
_nالجزء الثاني،
_pاساءة استعمال السلطة ومقاومة الموظفين والتعدي عليهم-أسلحة-أسمدة-اشتباه-تشرد-مراقبة-اشتراك-اشغال طريق-اصلاح زراعي-اعادة النظر في الاحكام-اعلانات-اغتصاب-هتك عرض-فعل فاضح-افشاء الاسرار-البان-أمر جنائي-أمر حبس-أمر حفظ-انتخابات-انتهاك حرمة الاداب-انتهاك حرمة ملك الغير-باعة متجولون-بطاقات شخصية /
_cمحمد إبراهيم خليل.
250 _aالطبعة الاولي.
264 _a{مكان النشر غير محدد }
_b{الناشر غير محدد }
_c1958.
300 _a458 صفحة ؛
_c24 سم.
336 _2rda content
_atext
337 _2rda media
_aComputer
338 _2rda carrier
_aOnline Resource
504 _aيشتمل على ارجاعات ببليوجرافية.
650 1 4 _aالتشريعات الجنائية الخاصة
_2qrmak
856 4 0 _uhttps://fll.law.cu.edu.eg/fulltext/bks/B10-06135.pdf
905 _a18
942 _2ddc
_cBK
_e21
_n0
999 _c44981
_d44981